| 000 | 00756nac a22002411u 4500 | ||
|---|---|---|---|
| 010 | _a 2003066398 | ||
| 020 | _a013143120X (college ed.) | ||
| 020 | _a0131913999 (school ed.) | ||
| 082 | 0 | 0 |
_a512 _bS9493 |
| 090 |
_c2027 _d2027 |
||
| 100 | _aSullivan, Michael, | ||
| 245 | 1 | 0 |
_aPrecalculus / _cMichael Sullivan. |
| 250 | _a7th ed. | ||
| 260 |
_aUpper Saddle River, N.J. : _bPearson Prentice Hall,2005 _c2005. |
||
| 300 |
_axx, 1001, 118, 12 p. : _bill. (some col.) ; _c27 cm. |
||
| 500 | _aIncludes indexes. | ||
| 650 | 0 |
_aAlgebra _vTextbooks. |
|
| 650 | 0 |
_aTrigonometry _vTextbooks. |
|
| 942 |
_cTB _k512S9493 _hRDA-MOD |
||
| 999 |
_c2027 _d2027 |
||
| 336 |
_2rdacontent _atext _btxt |
||
| 337 |
_aunmediated _2rdamedia _bn |
||
| 338 |
_avolume _bnc _2rdacarrier |
||